2000s Movie Definitions Quiz Stats

 Plays Quiz Updated Sep 8, 2017

Challenge
Share
Tweet
Embed
Score 0/15 Timer 02:00
14 Plays Today
% Correct
Watchmen
95.8%
Shooter
95.6%
Gladiator
95.6%
Twilight
95.5%
Crash
95.4%
Monster
95.1%
Up
94.8%
Snatch
94.5%
% Correct
Memento
94.5%
Click
93.7%
Blow
92.7%
Atonement
91.7%
Collateral
91.2%
Downfall
90.5%
Avatar
88%

You're not logged in!

Compare scores with friends on all Sporcle quizzes.
OR
Log In

You Might Also Like...

Show Comments

Extras

Top Quizzes Today


Score Distribution

Your Account Isn't Verified!

In order to create a playlist on Sporcle, you need to verify the email address you used during registration. Go to your Sporcle Settings to finish the process.

Report this User

Report this user for behavior that violates our Community Guidelines.

Details: